000 00986nam a22003017a 4500
001 4971
003 FISKH
005 20241030074505.0
008 241030b cb ||||| |||| 00| 0 eng d
020 _a9780746060483
040 _aFISKH
_beng
_cFISKH
_dFISKH
050 _aPZ8.A485
082 _a823.92
100 _aAmery, Heather
245 _aThe naughty sheep /
_cHeather Amery Illustrated by Stephen Cartwright Language consultant: Betty Root Series editor: Jenny Tyler
250 _aThis edition first published in 2004
260 _aLondon :
_bUsborne Farmyard,
_c2004.
300 _a15 pages :
_bColor illustrations ;
_c21 cm
505 _aG
520 _aEach page has two reading levels, one for beginners and one for more advanced readers.
521 8 _a420L
_bLexile
521 8 _aG
_bRaz-Plus
650 _2Animals
_aNaughty
_vFarm
650 _2Picture book
_aSheep
700 _aCartwright, Stephen
_dIllustrator
942 _2ddc
_cBK
_n0
999 _c4971
_d4971